000 00415nam a22001817a 4500
003 MPLRDC
005 20220104114516.0
008 210129b ||||| |||| 00| 0 eng d
082 _a857.63 YYY
100 _a姚宜瑛
245 _a
_c
250 _a初版
260 _a
_b水牛出版社
_c1971
300 _b
490 _a水牛文库. 56
650 _a短篇小说--别集
942 _cBK
_o857.63 YYY
999 _c8031
_d8021